000 00369nam a2200121Ia 4500
008 240731s9999 xx 000 0 und d
022 _a1945-5453
245 0 _aOrganic Preparations and Procedures International : The New Journal for Organic Synthesis
260 _bTaylor & Francis
856 _uhttps://www.tandfonline.com/loi/uopp20
942 _2ddc
942 _cTFEJ
999 _c78818
_d78818
945 _a1
_bMadushi Gamage
_c1
_dMadushi Gamage